Disco Hits 1970's & Early '80's #2 - Statistics

General Stats
  • This quiz has been taken 172 times
  • The average score is 7 of 20
Answer Stats
Song Title Answer % Correct
Night Fever Bee Gees
95%
You Sexy Thing Hot Chocolate
83%
I Feel Love Donna Summer
73%
Disco Inferno Trammps
59%
Rock The Boat Hues Corporation
57%
Blame It On The Boogie Jacksons
46%
Heaven Must Be Missing An Angel Tavares
46%
Boogie Oogie Oogie A Taste Of Honey
42%
Young Hearts Run Free Candi Staton
35%
You Make Me Feel (Mighty Real) Sylvester
33%
You To Me Are Everything Real Thing
25%
Everybody Dance Chic
24%
Que Sera Mi Vida Gibson Brothers
13%
Inside Out Odyssey
12%
Disco Stomp Hamilton Bohannon
9%
Strut Your Funky Stuff Frantique
8%
It's A Disco Night (Rock Don't Stop) Isley Brothers
8%
Don't Stop The Music Yarbrough & Peoples
8%
Keep On Dancing Gary's Gang
7%
Weekend Mick Jackson
5%
No matching quizzes found
Score Distribution
Percent of People with Each Score
Percentile by Number Answered
Your Score History
You have not taken this quiz